banner-ar

الربيع العربى و علاقته بالامن القومى / (Record no. 62171)

MARC details
000 -الفاتح
حقل البيانات ثابتة الطول 01023nam a22002417a 4500
005 - وقت وتاريخ اخر تعامل مع التسجيلة
رقم الضبط 20240530110535.0
008 - عناصر البيانات ثابتة الطول - معلومات عامة
حقل البيانات ثابتة الطول 160329s2013 ua g b 000 0 ara d
017 ## - رقم الايداع القانونى
رقم الايداع القانونى 2013/2750
المصدر ( الهيئة المختصة) مصر . دار الكتب المصرية
020 ## - الرقم الدولى المعيارى للكتب
الرقم الدولى المعيارى للكتاب 9789773011918
040 ## - مصدر الفهرسة
وكالة الفهرسة الأصلية EG-CaGPL
082 04 - رقم تصنيف ديوى العشرى
رقم الطبعة 21
رقم التصنيف 355.03353\
رقم المادة أ ر
100 0# - المدخل الرئيسى - إسم شخصى
الإسم الشخصى اسامة عبدالرحمن
245 12 - بيان العنوان
العنوان الربيع العربى و علاقته بالامن القومى /
بيان المسئوليه,etc اعداد اسامة عبدالرحمن ؛ مراجعة صابر عمر
260 ## - PUBLICATION, DISTRIBUTION, ETC. (IMPRINT)
تاريخ النشر أو التوزيع 2013 .
300 ## - الوصف المادى
التعداد 215 ص ؛
أبعاد الوعاء 24 سم .
504 ## - تبصرة ببليوجرافية
تبصرة ببليوجرافية,الخ يشتمل على ارجاعات ببليوجرافية
650 04 - المدخل الاضافى بالموضوع-مصطلح موضوعى
مصطلح موضوعي الامن العربى
651 04 - المدخل الاضافى بالموضوع - اسم جغرافى
الاسم الجغرافي العالم العربى
التقسيم الفرعي العام الامن القومى
651 04 - المدخل الاضافى بالموضوع - اسم جغرافى
الاسم الجغرافي العالم العربى
التقسيم الفرعي العام تاريخ
-- الثورات
700 0# - المدخل الاضافى - اسم شخصى
الإسم الشخصى صابر عمر
الدور مراجع
942 ## - عناصر المدخل الإضافي( كوها)
مصدر التصنيف او مخطط الترفيف Dewey Decimal Classification
Koha [default] item type كتاب
260 ## - PUBLICATION, DISTRIBUTION, ETC. (IMPRINT)
-- القاهرة :
-- هبة النيل العربية للنشر و التوزيع ،
Holdings
حالة التراجع حالة الفقد حالة تلف ليس للاعارة المكان المؤقت الموقع الحالى تاريخ الاكتساب اجمالي اﻻعارات رقم الطلب الباركود تاريخ اخر مشاهدة تاريخ تفعيل السعر نوع وعاء كوها
        مكتبة القاهرة الكبرى مكتبة القاهرة الكبرى 03/29/2016   355.03353\ أ ر 161730 03/29/2016 03/29/2016 كتاب

Powered By

EGPV